| 000 | 00781nam a2200229Ia 4500 | ||
|---|---|---|---|
| 999 |
_c65200 _d65200 |
||
| 005 | 20240530110812.0 | ||
| 008 | 140319s2007 au a b 000 0 ara d | ||
| 017 |
_a2007/3622 _bمصر . دار الكتب |
||
| 020 | _a9776067778 | ||
| 040 |
_aGCL / _cGCL |
||
| 082 | 0 | 4 |
_221 _a747.7 / _bن ت |
| 100 | 0 | _aنعمة مصطفى رقبان | |
| 245 | 1 | 0 |
_aتاثيث المسكن وتجميله / _cنعمة مصطفى رقبان |
| 250 | _aط.1 | ||
| 260 |
_aالقاهرة : _bدار الحسين للطباعة والنشر، _c2007 . |
||
| 300 |
_a273 ص. : _bايض. ؛ _c24 سم. |
||
| 650 | 0 | 7 |
_aالمساكن _2qrmak _xتاريخ |
| 650 | 0 | 7 | _aالتصميم الداخلى |
| 651 | _2qrmak | ||
| 942 |
_2ddc _cBK |
||